Freguesias de Terras de Bouro - Statistics

Estatísticas Gerais
  • Esse quiz foi jogado 21 vezes
  • A pontuação média é 10 de 17
Estatísticas das Respostas
Freguesias % Correto
Balança
89%
Campo do Gerês
89%
Vilar
89%
Rio Caldo
78%
Souto
78%
Brufe
67%
Covide
67%
Gondoriz
67%
Moimenta
67%
Chorense
56%
Monte
56%
Valdosende
56%
Chamoim
44%
Carvalheira
33%
Cibões
33%
Ribeira
33%
Vilar da Veiga
33%
Nenhum quiz correspondente encontrado
Distribuição das Pontuações
Porcentagem de Pessoas com Cada Pontuação
Percentil de Números Respondidos
Sua Pontuação Histórica
Você não jogou esse quiz